Quizzes
Events
Quiz Creation
Community
Videos
Private Events
Remove Ads
Sign In
Join for FREE
Feedback
Dark Mode
Quiz Categories
Sports
Geography
Music
Movies
Television
Just For Fun
Miscellaneous
History
Literature
Language
Science
Gaming
Entertainment
Religion
Holiday
For Kids
Quiz Lab
Recent
Popular Today
Quiz Kudos Today
Editor Picks
Curator Picks
Quizzes by...
Day
Popularity
Type
Ratings
Length
Year
Community
Subscriptions
Recent Discussions
Orange Saloon
Badges
Playlists
Quests
Create
Leaderboards
Showdown
Live 5
Trivia Bingo
Activity
Puzzle Library
Sporcle Events
Private Events
Virtual Trivia
Globe League
Become a Host
Pub Owners
SporcleCon
Opinionation
Our Games
Videos
Blog
Mobile Apps
Partnerships
Remove Ads and Go Orange
Feedback
Miscellaneous
Crossword
General Knowledge
Baby Names
Logo
Food
Cars
Numbers
Grab Bag
University
College
Popular
Company
Slogans
Restaurants
Justice
Letter
Miscellaneous
Crossword
General Knowledge
Baby Names
Logo
Food
Cars
Numbers
Grab Bag
University
College
Popular
Company
Slogans
Restaurants
Justice
Letter
Random Quiz
Search Sporcle
×
Quiz Lab
Quiz Lab
Miscellaneous
City
Type in answers that appear in a list
Type in answers that appear in a list
Classic
Best Score? Go Orange.
US Major City Mayors Stats
Can you name the mayors of these major US cities?
By
Sesel
8m
59 Questions
204 Plays
204 Plays
204 Plays
Comments
Comments
Give Quiz Kudos
Give Quiz Kudos
-
- Ratings
hide this ad
Replay
Link that replays current quiz
Next Quiz
Link to next quiz in quiz playlist
You Got
0%
They Got
Avg Score
31%
Avg Friend Score
Upgrade to see
Score Distribution
Jump to the score distribution portion of the page
Score
0/59
Timer
08:00
0
Plays Today
City
Mayor
% Correct
New York
Eric Adams
91.7%
Chicago
Lori Lightfoot
76%
Los Angeles
Karen Bass
69.6%
New Orleans
LaToya Cantrell
63.2%
Washington (DC)
Muriel Bowser
61.8%
San Francisco
London Breed
59.8%
Atlanta
Andre Dickens
57.4%
Boston
Michelle Wu
57.4%
Philadelphia
Jim Kenney
53.9%
Dallas
Eric Johnson
45.6%
Detroit
Mike Duggan
44.1%
Baltimore
Brandon Scott
41.2%
San Jose
Matt Mahan
41.2%
Newark
Ras Baraka
39.7%
Buffalo
Byron Brown
38.2%
Albuquerque
Tim Keller
37.3%
Miami
Francis Suarez
35.8%
Houston
Sylvester Turner
35.3%
Austin
Kirk Watson
34.8%
Jacksonville
Lenny Curry
34.8%
San Diego
Todd Gloria
32.8%
Sacramento
Darrell Steinberg
32.4%
San Antonio
Ron Nirenberg
31.9%
Cleveland
Justin Bibb
30.4%
Richmond
Levar Stoney
28.4%
Charlotte
Vi Lyles
27.9%
Las Vegas
Carolyn Goodman
27.9%
Minneapolis
Jacob Frey
27%
Nashville
John Cooper
26.5%
Milwaukee
Cavalier Johnson
26%
City
Mayor
% Correct
St. Louis
Tishaura Jones
25%
Oakland
Sheng Thao
24.5%
Indianapolis
Joe Hogsett
24%
Columbus (OH)
Andrew Ginther
23%
Memphis
Jim Strickland
23%
St. Paul
Melvin Carter
23%
Honolulu
Rick Blangiardi
22.1%
Kansas City (MO)
Quinton Lucas
20.6%
Louisville
Craig Greenberg
20.6%
Portland (OR)
Ted Wheeler
20.6%
Denver
Michael Hancock
20.1%
San Juan (PR)
Miguel Romero
19.1%
Wichita
Brandon Whipple
19.1%
Birmingham
Randall Woodfin
18.6%
St. Petersburg
Ken Welch
18.6%
Phoenix
Kate Gallego
17.2%
Pittsburgh
Ed Gainey
17.2%
Cincinnati
Aftab Pureval
16.7%
Oklahoma City
David Holt
16.7%
Seattle
Bruce Harrell
16.2%
Orlando
Buddy Dyer
15.2%
Omaha
Jean Stothert
14.7%
Tampa
Jane Castor
14.2%
Charleston (SC)
John Tecklenburg
13.7%
Fort Worth
Mattie Parker
12.7%
Salt Lake City
Erin Mendenhall
12.7%
Hartford
Luke Bronin
12.3%
Norfolk
Kenny Alexander
11.8%
Providence
Brett Smiley
10.8%
Quiz Playlist
Details
Report
Send in Message
Add To Playlist
Classic:
Type in answers that appear in a list
Last Updated: Feb 2, 2023
Quiz Scoreboard
CHALLENGE
Sign Up to Join the Scoreboard
Show All
Scores
Hide
Comments
May contain spoilers
Recently Published
9x9 Crossword: Cartoon Network
by jackfrog10
Miscellaneous
3m
College Basketball Coaching Resumes
by pancakes188
Sports
9m
Billboard Blitz: Fleetwood Mac
by CooCooCachoo
Music
15s
More to Explore
Quiz From the Vault
Featured Blog Post
Where Did the Easter Bunny Come From?
hide this ad
You Might Also Like...
Tags
City Quiz
major
Mayor
Today's Top Quizzes in Miscellaneous
Browse Miscellaneous
hide this ad
Today's Top Quizzes in City
Browse City
Top Contributed Quizzes in Miscellaneous
1
5-to-1: Fast Food
2
The JOE quick-fire general knowledge quiz: Day 174
3
The JOE quick-fire general knowledge quiz: Day 173
4
5-to-1: Cocktails
5
The JOE quick-fire general knowledge quiz: Day 172
6
Sunday Crossword: Famous Bodies of Water
7
The JOE quick-fire general knowledge quiz: Day 171
8
Named After an Animal - Odd One Out!
9
One Thing in Common: United Kingdom II
10
The JOE quick-fire quiz: Day 170
Explore More
Trending Topics
Disney
Kpop
Crossword
Harry Potter
Marvel
NBA
Anime
Song
Pokémon
Country
NFL
WWE
Puzzle
Soccer
The Office
hide this ad
More By:
Sesel
Quiz
Plays
Rating
Category
Featured
Created
100 Greatest Baseball Players
37,042
4.39
Sports
Oct 6, 2009
Top 100 Pitchers
8,337
4.42
Sports
Nov 28, 2009
Minnesota's 200 Largest Cities
3,421
5.00
Geography
Nov 7, 2010
Italian Prime Ministers
3,265
4.78
Geography
Sep 26, 2009
Twins Opening Day Lineups
3,094
4.33
Sports
Sep 30, 2009
Go to Creator's Profile
Score Distribution
Quiz Creator Spotlight
Sesel
Follow
Send a Message
Quizzes Created
-
Created Quiz Play Count
-
More By This Creator
Popular Quizzes Today
1
Find the US States - No Outlines Minefield
2
Find the Countries of Europe - No Outlines Minefield
3
The Countries of the World
4
Find the US States
5
Risky Map Clicking: Biggest States A-Z
6
US States
7
Popular People in 1961
8
Movies - When Are They Set?
More Miscellaneous Quizzes
Enormous Crossword: Goonies Puzzle Hunt
Quiz Lab
Trending Quizzes
Risky Map Clicking: Least Populous States A-Z
1-10 Letter G Words
1-10 Letter F Words
Risky Map Clicking: Next State Alphabetically
Adjectives in 80s TV Shows
Recently Updated
Leaping Animals
pecheneg
Reality TV Shows (A-Z)
bhenderson79
Rickey Henderson's Hall of Fame Teammates
pecheneg
Champions League XIs: Arsenal
pecheneg
Quick Pick: Celebrities in WWE's Hall of Fame
aduchscher
A-Z Keypad Blitz II
pecheneg
Multiple Oscar Actors
pecheneg
Mystery Phrase Blitz: Oscar 'Best Actors'
pecheneg
F. Scott Fitzgerald Novels
LTH
Pick 3 Villains
ddd62291
Trending Topics
Crossword
Marvel
Harry Potter
Anime
Disney
Kpop
NBA
Country
Song
NFL
WWE
Pokémon
The Office
Soccer
Puzzle
Your Account Isn't Verified!
In order to create a playlist on Sporcle, you need to verify the email address you used during registration. Go to your
Sporcle Settings
to finish the process.
Report this User
Report this user for behavior that violates our
Community Guidelines
.
Details:
Send Report
Go to the Sporcle.com Mobile Site →
Comments